LIBRARY & INFORMATION CENTRE, KCAET, TAVANUR

ONLINE PUBLIC ACCESS CATALOGUE (OPAC)

Organic Chemistry / (Record no. 275)

MARC details
000 -LEADER
fixed length control field 00374cam a2200145ua 4500
082 ## - DEWEY DECIMAL CLASSIFICATION NUMBER
Classification number 547
Item number KIP/OR
100 ## - MAIN ENTRY--AUTHOR NAME
Personal name Kipling, Stanley F.
245 ## - TITLE STATEMENT
Title Organic Chemistry /
250 ## - EDITION STATEMENT
Edition statement 1 /
260 ## - PUBLICATION, DISTRIBUTION, ETC. (IMPRINT)
Place of publication London :
Name of publisher The English Language Book Society ,
Year of publication 1961.
300 ## - PHYSICAL DESCRIPTION
Number of Pages 1156 ; .
650 ## - SUBJECT ADDED ENTRY--TOPICAL TERM
Topical Term Organic Chemistry
700 1# - ADDED ENTRY--PERSONAL NAME
Personal name Kipling, Barry F.
942 ## - ADDED ENTRY ELEMENTS (KOHA)
Koha item type Books
Holdings
Withdrawn status Lost status Damaged status Home library Current library Date acquired Cost, normal purchase price Full call number Accession Number Koha item type
Withdrawn     KAUAET KAUAET 07/04/2012 7.20 547 KIP/OR 782 Books
      KAUAET KAUAET 07/04/2012   547 KIP/OR 13230 Books
free website counter